000
00216 a2200097 4500
001
18907
100
_a
Phillips E G
245
_a
Functions of a complex variables
260
_a
_b
Oliver
_c
1943
090
_c
13996
_d
13996
942
_a
NUST-CAE
_c
M
_c
4442
999
_c
253980
_d
253980